Využitie a konštrukcia úmrtnostných tabuliek v životnom poistení

Analýza úmrtnosti a konštrukcia úmrtnostných tabuliek.

Gespeichert in:
Bibliographische Detailangaben
1. Verfasser: Páleš, Michal, 1984-
Format: Buchkapitel
Sprache:Slowakisch
Schlagworte:
Tags: Tag hinzufügen
Keine Tags, Fügen Sie das erste Tag hinzu!

MARC

LEADER 00000naa a2200000 4500
001 0196457
005 20240502073317.8
041 0 |a slo 
044 |a SK 
245 1 0 |a Využitie a konštrukcia úmrtnostných tabuliek v životnom poistení  |c Michal Páleš 
520 |a Analýza úmrtnosti a konštrukcia úmrtnostných tabuliek. 
610 2 0 |a poistenie životné 
610 2 0 |a metódy aktuárske 
610 2 0 |a úmrtnosť 
610 2 0 |a údaje štatistické 
610 2 0 |a matematika finančná 
100 1 |a Páleš, Michal, 1984-